000 00296nam a2200109Ia 4500
008 200302s9999 xx 000 0 und d
100 _aFaculty of Architecture
245 _aResearch Seminar-Sa50: The Past 50 Years
260 _bCept University Press Ahmedabad
260 _c2012
300 _a124 P.,
999 _c5799
_d5799